[Event "MCR mladeze 2014, H16"]
[Site "Kouty nad Desnou"]
[Date "2014.03.11"]
[Round "4"]
[White "Pulpan, Jakub"]
[Black "Dvorak, Adam"]
[Result "1-0"]
[WhiteElo "2146"]
[BlackElo "2119"]
[PlyCount "65"]
[EventDate "2014.??.??"]

1. e4 c5 2. Nf3 e6 3. d4 cxd4 4. Nxd4 a6 5. Nc3 Qc7 6. Be2 b5 7. O-O Bb7 8. Be3
b4 9. Na4 Bxe4 10. Bf3 d5 11. Bxe4 dxe4 12. c3 Nf6 13. cxb4 Be7 14. Rc1 Qb7 15.
Nb6 Qxb6 16. Rc8+ Qd8 17. Qa4+ Nbd7 18. Rxd8+ Bxd8 19. Qc6 Rb8 20. Qxa6 Rb6 21.
Qa4 O-O 22. Nc6 Rb7 23. Qa8 Rb5 24. a4 Rd5 25. Nxd8 Ne5 26. Bb6 Nc4 27. Qa6
Nxb6 28. Nc6 Nc8 29. b5 Nd7 30. a5 Nc5 31. Qa8 Rd7 32. Qb8 Nd6 33. Ne7+ 1-0

[Event "MCR mladeze 2014, H16"]
[Site "Kouty nad Desnou"]
[Date "2014.03.11"]
[Round "4"]
[White "Rydl, Jiri"]
[Black "Kratochvil, Vit"]
[Result "1/2-1/2"]
[WhiteElo "2181"]
[BlackElo "2051"]
[PlyCount "60"]
[EventDate "2014.??.??"]

1. c4 c5 2. g3 Nc6 3. Bg2 g6 4. Nc3 Bg7 5. Nf3 e5 6. O-O Nge7 7. a3 O-O 8. Rb1
d6 9. b4 f5 10. Ne1 cxb4 11. axb4 Be6 12. b5 Na5 13. d3 d5 14. cxd5 Nxd5 15.
Nxd5 Bxd5 16. Ba3 Rf7 17. Qa4 b6 18. Bxd5 Qxd5 19. Bb4 Nb7 20. Ng2 f4 21. Rfc1
Bh6 22. Bd2 Nc5 23. Qc4 Qd7 24. f3 Re8 25. Rc2 Ne6 26. Qe4 Bf8 27. g4 Bc5+ 28.
Kh1 Nd4 29. Rcb2 Qe6 30. Bb4 Bxb4 1/2-1/2

[Event "MCR mladeze 2014, H16"]
[Site "Kouty nad Desnou"]
[Date "2014.03.11"]
[Round "4"]
[White "Petr, Jan"]
[Black "Stuchly, Ondrej"]
[Result "1-0"]
[WhiteElo "2162"]
[BlackElo "1791"]
[PlyCount "69"]
[EventDate "2014.??.??"]

1. d4 d5 2. c4 e6 3. Nf3 Nf6 4. g3 Be7 5. Bg2 O-O 6. O-O dxc4 7. Qc2 a6 8. Qxc4
b5 9. Qc2 Bb7 10. Bd2 Be4 11. Qc1 Nbd7 12. Ba5 Rc8 13. Nbd2 Bb7 14. Qc2 Nd5 15.
a3 N7b6 16. b4 Re8 17. Rac1 Bf8 18. Ne5 g6 19. Nd3 Bh6 20. Nc5 Ba8 21. Nxa6 Nc4
22. Nxc4 Bxc1 23. Rxc1 bxc4 24. Qxc4 Nb6 25. Qb5 Bxg2 26. Kxg2 Qd5+ 27. Qxd5
Nxd5 28. e4 Nf6 29. Nxc7 Nxe4 30. Re1 Re7 31. Rxe4 Rexc7 32. Bxc7 Rxc7 33. Re3
Kf8 34. b5 Rd7 35. b6 1-0

[Event "MCR mladeze 2014, H16"]
[Site "Kouty nad Desnou"]
[Date "2014.03.11"]
[Round "4"]
[White "Havelka, Jan"]
[Black "Havelka, Josef"]
[Result "1/2-1/2"]
[WhiteElo "1833"]
[BlackElo "1988"]
[PlyCount "43"]
[EventDate "2014.??.??"]

1. e4 c5 2. Nc3 Nc6 3. f4 e6 4. Nf3 d5 5. Bb5 Nf6 6. Bxc6+ bxc6 7. d3 Ba6 8. e5
Nd7 9. O-O Be7 10. Qe1 g6 11. b3 Rb8 12. f5 gxf5 13. Qg3 Nf8 14. Bh6 Ng6 15.
Ne2 Rb4 16. c4 Kd7 17. Bd2 Rb7 18. Rfd1 h5 19. Nf4 Qg8 20. Nxg6 Qxg6 21. Qxg6
fxg6 22. h4 1/2-1/2

[Event "MCR mladeze 2014, H16"]
[Site "Kouty nad Desnou"]
[Date "2014.03.11"]
[Round "4"]
[White "Miculka, David"]
[Black "Kozusek, Daniel"]
[Result "1/2-1/2"]
[WhiteElo "1931"]
[BlackElo "2133"]
[PlyCount "100"]
[EventDate "2014.??.??"]

1. e4 c5 2. Nf3 d6 3. Bb5+ Bd7 4. Bxd7+ Qxd7 5. c4 g6 6. O-O Bg7 7. d4 cxd4 8.
Nxd4 Nc6 9. Be3 Nf6 10. f3 Rc8 11. b3 O-O 12. Nc3 Ne5 13. Rc1 a6 14. Qd2 Rfd8
15. Rfd1 h5 16. a4 Kh7 17. Nde2 h4 18. h3 b5 19. axb5 axb5 20. Nxb5 Qxh3 21.
gxh3 Nxf3+ 22. Kg2 Nxd2 23. Rxd2 Nxe4 24. Ra2 d5 25. Ra7 dxc4 26. Rxe7 cxb3 27.
Rxc8 b2 28. Na3 Rxc8 29. Rxe4 Ra8 30. Rxh4+ Kg8 31. Nb1 Ra1 32. Nec3 Bxc3 33.
Nxc3 Rc1 34. Bd4 f6 35. Bxf6 Rc2+ 36. Kg3 Rxc3+ 37. Bxc3 b1=Q 38. Bd4 Qd3+ 39.
Kg2 Kf7 40. Rg4 Ke6 41. Bf2 Kf5 42. Rd4 Qe2 43. Rg4 g5 44. Rd4 Qc2 45. Rg4 Qc6+
46. Kg1 Qf3 47. Rg3 Qd1+ 48. Kg2 Qd5+ 49. Kg1 Kf4 50. Re3 Qd1+ 1/2-1/2

[Event "MCR mladeze 2014, H16"]
[Site "Kouty nad Desnou"]
[Date "2014.03.11"]
[Round "4"]
[White "Ruzicka, Josef"]
[Black "Bares, Jachym"]
[Result "1-0"]
[WhiteElo "2034"]
[BlackElo "1736"]
[PlyCount "69"]
[EventDate "2014.??.??"]

1. e4 e5 2. Nf3 Nc6 3. Bb5 f5 4. d3 fxe4 5. dxe4 Nf6 6. O-O Bc5 7. Bxc6 bxc6 8.
Nxe5 O-O 9. Nc3 Qe8 10. Nd3 Bd4 11. e5 Nd5 12. Nxd5 cxd5 13. Re1 Ba6 14. Be3
Bxe3 15. Rxe3 Bxd3 16. Qxd3 Qe6 17. Rd1 Rab8 18. b3 c6 19. Rde1 c5 20. c3 Rf5
21. Rd1 c4 22. Qxd5 Qxd5 23. Rxd5 cxb3 24. axb3 Rxb3 25. g4 Rf4 26. Rxd7 Rxg4+
27. Kf1 Rb1+ 28. Ke2 Rg2 29. e6 Rb2+ 30. Kd3 Rb8 31. e7 Re8 32. Rf3 Rg1 33. Kd2
Rb1 34. Rd8 Rb8 35. Rf8+ 1-0

[Event "MCR mladeze 2014, H16"]
[Site "Kouty nad Desnou"]
[Date "2014.03.11"]
[Round "4"]
[White "Kula, Dominik"]
[Black "Horak, Ales"]
[Result "1-0"]
[WhiteElo "1971"]
[BlackElo "1957"]
[PlyCount "65"]
[EventDate "2014.??.??"]

1. e4 e5 2. Nf3 Nc6 3. Bb5 a6 4. Ba4 Nf6 5. d3 b5 6. Bb3 Be7 7. O-O O-O 8. Re1
d6 9. c3 Na5 10. Bc2 c5 11. h3 Qc7 12. Nbd2 g6 13. Nf1 Ne8 14. d4 Nc6 15. Ne3
Bb7 16. Nd5 Qd8 17. b3 Rc8 18. Bb2 Bf6 19. dxc5 dxc5 20. Qe2 Bg7 21. Ba3 Ne7
22. Rad1 Qd6 23. c4 Nxd5 24. exd5 Nc7 25. Qe3 b4 26. Bb2 Rce8 27. a3 a5 28.
axb4 axb4 29. Qg5 Bf6 30. Qg3 Qa6 31. Ra1 Qd6 32. Nxe5 Re7 33. Ng4 1-0

[Event "MCR mladeze 2014, H16"]
[Site "Kouty nad Desnou"]
[Date "2014.03.11"]
[Round "4"]
[White "Skorepa, Jakub"]
[Black "Filip, Vojtech"]
[Result "1/2-1/2"]
[WhiteElo "1797"]
[BlackElo "1883"]
[PlyCount "53"]
[EventDate "2014.??.??"]

1. e4 c6 2. d4 d5 3. Nc3 dxe4 4. Nxe4 Nd7 5. Bc4 Ngf6 6. Ng5 e6 7. Qe2 Nb6 8.
Bb3 h6 9. N5f3 Be7 10. c3 Nbd5 11. Ne5 Qc7 12. Ngf3 Bd7 13. O-O O-O 14. c4 Nb6
15. Bc2 c5 16. dxc5 Bxc5 17. b3 Bc6 18. Nxc6 bxc6 19. Bb2 Nbd7 20. Rad1 Rad8
21. Bc3 Be7 22. Rd2 Nb6 23. Be5 Qc8 24. Rfd1 Rxd2 25. Rxd2 Rd8 26. Rxd8+ Qxd8
27. Qd3 1/2-1/2

[Event "MCR mladeze 2014, H16"]
[Site "Kouty nad Desnou"]
[Date "2014.03.11"]
[Round "4"]
[White "Kladnak, Martin"]
[Black "Zeman, Radek"]
[Result "1-0"]
[WhiteElo "1713"]
[BlackElo "1902"]
[PlyCount "47"]
[EventDate "2014.??.??"]

1. e4 c6 2. d3 d5 3. Nd2 g6 4. Ngf3 Bg7 5. g3 Bg4 6. Bg2 e6 7. O-O Ne7 8. Qe1
Bxf3 9. Nxf3 Nd7 10. Nh4 Qb6 11. Kh1 Qc5 12. c3 d4 13. c4 a5 14. Bd2 Qa7 15. f4
e5 16. f5 O-O 17. Bh3 b6 18. Qe2 Qc7 19. Rf2 Kh8 20. Raf1 Ng8 21. Nf3 Qd6 22.
Ng5 Qe7 23. fxg6 fxg6 24. Nf7+ 1-0

[Event "MCR mladeze 2014, H16"]
[Site "Kouty nad Desnou"]
[Date "2014.03.11"]
[Round "4"]
[White "Horak, Martin"]
[Black "Krcil, Ales"]
[Result "1/2-1/2"]
[WhiteElo "1852"]
[BlackElo "1698"]
[PlyCount "131"]
[EventDate "2014.??.??"]

1. e4 c5 2. Nf3 Nc6 3. d4 cxd4 4. Nxd4 g6 5. Nc3 Bg7 6. Be3 Nf6 7. Bc4 O-O 8.
Bb3 a5 9. f3 d5 10. Bxd5 Nxd5 11. exd5 Nb4 12. Nde2 Bf5 13. Rc1 Rc8 14. O-O
Bxc3 15. Nxc3 Rxc3 16. bxc3 Nxa2 17. Ra1 Nxc3 18. Qd2 Qc7 19. Ra3 Rc8 20. Rfa1
a4 21. Bd4 Nb5 22. Rxa4 Nxd4 23. Qxd4 Qxc2 24. Ra8 Qc7 25. Rxc8+ Qxc8 26. Qe5
Qd8 27. Re1 b5 28. Qxe7 Qxd5 29. Qe8+ Kg7 30. Qe5+ Qxe5 31. Rxe5 Bd3 32. Kf2 b4
33. Ke3 Bc2 34. Rb5 b3 35. Kf4 h6 36. h4 h5 37. Rb6 Bd1 38. g4 hxg4 39. fxg4
Kg8 40. g5 Kg7 41. Ke5 Bc2 42. Kd6 Kf8 43. Rb8+ Kg7 44. Ke7 Bf5 45. Rxb3 Be6
46. Re3 Ba2 47. Rf3 Bd5 48. Rf2 Bc4 49. Kd6 Be6 50. Ke5 Bc4 51. Rh2 Bb3 52. h5
gxh5 53. Rxh5 Bc2 54. Kf4 Bg6 55. Rh2 Bb1 56. Rb2 Bg6 57. Rb6 Bh7 58. Ke5 Bg6
59. Kd6 Bh7 60. Ke7 Bg6 61. Rf6 Bh5 62. Rh6 Bg6 63. Rh4 Bb1 64. Kd6 Bg6 65. Ke5
Bb1 66. Rh2 1/2-1/2

[Event "MCR mladeze 2014, H16"]
[Site "Kouty nad Desnou"]
[Date "2014.03.11"]
[Round "4"]
[White "Reznicek, Dominik"]
[Black "Krutsky, Martin"]
[Result "1/2-1/2"]
[WhiteElo "1799"]
[BlackElo "1800"]
[PlyCount "98"]
[EventDate "2014.??.??"]

1. e4 c5 2. c3 d5 3. exd5 Qxd5 4. d4 g6 5. Nf3 Bg7 6. Be3 cxd4 7. Bxd4 Bxd4 8.
Qxd4 Qxd4 9. Nxd4 Nf6 10. Nd2 O-O 11. Bd3 Nbd7 12. O-O Nc5 13. Bc2 Rd8 14. N2f3
Ne6 15. Rfe1 Nxd4 16. Nxd4 e6 17. Rad1 b6 18. Ba4 Bb7 19. Bc6 Rab8 20. Bxb7
Rxb7 21. Nc6 Rc8 22. Ne5 Kf8 23. Rd2 Ke7 24. Red1 b5 25. Rd8 Rbc7 26. Rxc8 Rxc8
27. Rd4 Nd5 28. Nd3 a6 29. Kf1 f6 30. Nb4 Nxb4 31. Rxb4 Rc5 32. a4 e5 33. axb5
axb5 34. Rb3 Ke6 35. Ra3 Kf5 36. Ke2 e4 37. Ke3 Rd5 38. Ra5 Ke5 39. Ra7 Rd3+
40. Ke2 h5 41. Re7+ Kf4 42. g3+ Kf5 43. h3 Rd5 44. Re8 Rd3 45. Rc8 Rd5 46. Ra8
Ke5 47. Rg8 Kf5 48. Ke3 Rd3+ 49. Ke2 Rd5 1/2-1/2

[Event "MCR mladeze 2014, H16"]
[Site "Kouty nad Desnou"]
[Date "2014.03.11"]
[Round "4"]
[White "Stepan, Patrik"]
[Black "Krajicek, Filip"]
[Result "1-0"]
[WhiteElo "1758"]
[BlackElo "1671"]
[PlyCount "145"]
[EventDate "2014.??.??"]

1. d4 Nf6 2. c4 g6 3. Nc3 Bg7 4. Nf3 O-O 5. g3 d6 6. Bg2 c5 7. dxc5 dxc5 8.
Qxd8 Rxd8 9. Ne5 Nfd7 10. Nd3 Bxc3+ 11. bxc3 Na6 12. O-O f6 13. Be3 Rb8 14.
Rfd1 b6 15. Rab1 Bb7 16. Bxb7 Rxb7 17. Nxc5 Naxc5 18. Bxc5 Kf7 19. Be3 Rc8 20.
Rb4 Rbc7 21. f4 Nc5 22. Bxc5 Rxc5 23. Rd7 Ra5 24. a4 Ke6 25. Rd4 Rac5 26. Kf2
R8c6 27. Ke3 a5 28. Rb3 Rxc4 29. Rxc4 Rxc4 30. Rxb6+ Kd7 31. Kd3 Rxa4 32. c4
Ra2 33. Ra6 a4 34. g4 a3 35. h3 Ra1 36. Kd4 a2 37. Kc5 Kc7 38. Ra3 h5 39. Ra7+
Kb8 40. Ra3 Kc7 41. gxh5 gxh5 42. h4 Kb7 43. Rb3+ Kc7 44. Rb2 Kd7 45. Rd2+ Kc7
46. e3 Kb7 47. Kd5 Kc7 48. Ke6 Re1 49. Rxa2 Rxe3+ 50. Kd5 Kb7 51. Rg2 Rh3 52.
Rg7 Rxh4 53. Rxe7+ Kc8 54. Ke4 Rh1 55. Kf5 Rf1 56. Re4 Kd7 57. Kxf6 h4 58. f5
h3 59. Rh4 Rh1 60. Kf7 h2 61. f6 Kc6 62. Rh5 Kb6 63. Rb5+ Kc6 64. Rh5 Kb6 65.
Rb5+ Kc6 66. Rb2 Kd6 67. Re2 Kc5 68. Ke7 Kxc4 69. f7 Rf1 70. Rxh2 Re1+ 71. Kf8
Rg1 72. Rh5 Kd4 73. Ke7 1-0

[Event "MCR mladeze 2014, H16"]
[Site "Kouty nad Desnou"]
[Date "2014.03.11"]
[Round "5"]
[White "Petr, Jan"]
[Black "Pulpan, Jakub"]
[Result "1/2-1/2"]
[WhiteElo "2162"]
[BlackElo "2146"]
[PlyCount "72"]
[EventDate "2014.??.??"]

1. d4 Nf6 2. c4 e6 3. g3 d5 4. Nf3 Be7 5. Bg2 O-O 6. O-O dxc4 7. Qc2 b5 8. a4
b4 9. Bg5 Ba6 10. Nbd2 b3 11. Qc1 Nc6 12. Nxc4 Nxd4 13. Nxd4 Qxd4 14. Na5 Rae8
15. Nc6 Qg4 16. Nxe7+ Rxe7 17. Bxf6 gxf6 18. Bf3 Qg5 19. Qc6 Bc8 20. a5 Qe5 21.
Ra4 f5 22. Qc1 f6 23. Rd1 c5 24. Rc4 Rc7 25. Rd2 Ba6 26. Rc3 c4 27. Qd1 Qxa5
28. Rd6 Bc8 29. Bh5 Rc5 30. Qc1 Rd8 31. Rxd8+ Qxd8 32. Rxb3 cxb3 33. Qxc5 Qd1+
34. Kg2 Bb7+ 35. Bf3 Bxf3+ 36. exf3 Qd7 1/2-1/2

[Event "MCR mladeze 2014, H16"]
[Site "Kouty nad Desnou"]
[Date "2014.03.11"]
[Round "5"]
[White "Dvorak, Adam"]
[Black "Kratochvil, Vit"]
[Result "1/2-1/2"]
[WhiteElo "2119"]
[BlackElo "2051"]
[PlyCount "47"]
[EventDate "2014.??.??"]

1. d4 g6 2. c4 Bg7 3. e4 d6 4. f3 Nd7 5. Ne2 e5 6. d5 Ne7 7. Nbc3 f5 8. Be3 O-O
9. Qd2 Nf6 10. O-O-O a6 11. Kb1 b5 12. exf5 Bxf5+ 13. Ka1 b4 14. Nb1 b3 15.
axb3 Rb8 16. Nc1 Bxb1 17. Kxb1 Nf5 18. c5 Nxe3 19. Qxe3 Nd7 20. c6 Nc5 21. Bc4
Qf6 22. Rd2 Qf5+ 23. Rc2 a5 24. Qd2 1/2-1/2

[Event "MCR mladeze 2014, H16"]
[Site "Kouty nad Desnou"]
[Date "2014.03.11"]
[Round "5"]
[White "Kula, Dominik"]
[Black "Rydl, Jiri"]
[Result "1/2-1/2"]
[WhiteElo "1971"]
[BlackElo "2181"]
[PlyCount "73"]
[EventDate "2014.??.??"]

1. e4 e6 2. Nf3 d5 3. e5 Ne7 4. c3 b6 5. Na3 c6 6. Qa4 a5 7. d4 Ba6 8. Bxa6
Nxa6 9. Bg5 Qc7 10. O-O h6 11. Be3 b5 12. Qd1 Nf5 13. Nc2 h5 14. a4 Be7 15. Qd3
Qb6 16. b4 axb4 17. cxb4 bxa4 18. Rxa4 O-O 19. Bd2 Nc7 20. Ra5 Qb7 21. Rfa1
Rfb8 22. h3 h4 23. R1a4 Rxa5 24. Rxa5 Nb5 25. Na3 Nxa3 26. Rxa3 Qb5 27. Qxb5
Rxb5 28. Ra4 Rb6 29. Bc3 Kh7 30. Kf1 g5 31. Ke2 Kg6 32. Kd3 Ng7 33. g4 hxg3 34.
fxg3 Rb8 35. g4 Rh8 36. Ng1 Rb8 37. Nf3 1/2-1/2

[Event "MCR mladeze 2014, H16"]
[Site "Kouty nad Desnou"]
[Date "2014.03.11"]
[Round "5"]
[White "Havelka, Josef"]
[Black "Ruzicka, Josef"]
[Result "1/2-1/2"]
[WhiteElo "1988"]
[BlackElo "2034"]
[PlyCount "72"]
[EventDate "2014.??.??"]

1. e4 c5 2. Nf3 d6 3. Bb5+ Bd7 4. Bxd7+ Nxd7 5. O-O Ngf6 6. Re1 g6 7. c3 Bg7 8.
d4 O-O 9. h3 cxd4 10. cxd4 e5 11. Nc3 Rc8 12. Be3 a6 13. a4 b6 14. Qe2 Ra8 15.
dxe5 dxe5 16. Red1 Qc7 17. Rac1 Qb7 18. Rd6 Rac8 19. Rcd1 Nc5 20. b4 Nfxe4 21.
Nxe4 Nxe4 22. Rxb6 Nc3 23. Rxb7 Nxe2+ 24. Kf1 Nd4 25. Bxd4 exd4 26. Ne1 Rc4 27.
Nd3 a5 28. Rb1 axb4 29. R7xb4 Rc3 30. R1b3 Ra8 31. Rb8+ Rxb8 32. Rxb8+ Bf8 33.
Ke2 Kg7 34. Kd2 Ra3 35. Nb2 Bd6 36. Rd8 Bb4+ 1/2-1/2

[Event "MCR mladeze 2014, H16"]
[Site "Kouty nad Desnou"]
[Date "2014.03.11"]
[Round "5"]
[White "Stuchly, Ondrej"]
[Black "Havelka, Jan"]
[Result "1-0"]
[WhiteElo "1791"]
[BlackElo "1833"]
[PlyCount "49"]
[EventDate "2014.??.??"]

1. e4 c5 2. Nf3 d6 3. d4 cxd4 4. Nxd4 Nf6 5. Nc3 a6 6. Bg5 Nbd7 7. f4 Qc7 8.
Qf3 h6 9. Bxf6 Nxf6 10. f5 Qc5 11. O-O-O g5 12. e5 dxe5 13. Ndb5 axb5 14. Bxb5+
Nd7 15. Rxd7 Bxd7 16. Bxd7+ Kd8 17. Qxb7 Ra7 18. Qb8+ Kxd7 19. Rd1+ Kc6 20.
Qc8+ Rc7 21. Qa8+ Rb7 22. Qe8+ Kc7 23. Rd7+ Kb6 24. Na4+ Ka5 25. Nxc5 1-0

[Event "MCR mladeze 2014, H16"]
[Site "Kouty nad Desnou"]
[Date "2014.03.11"]
[Round "5"]
[White "Kozusek, Daniel"]
[Black "Kladnak, Martin"]
[Result "1-0"]
[WhiteElo "2133"]
[BlackElo "1713"]
[PlyCount "63"]
[EventDate "2014.??.??"]

1. d4 Nf6 2. c4 g6 3. Nc3 d5 4. cxd5 Nxd5 5. e4 Nxc3 6. bxc3 Bg7 7. Bc4 c5 8.
Ne2 O-O 9. O-O Nc6 10. Be3 Qc7 11. Rc1 Rd8 12. Bf4 Qa5 13. Qb3 Rf8 14. d5 Ne5
15. Bxe5 Bxe5 16. f4 Bg7 17. e5 Qc7 18. Ng3 b6 19. Ne4 Bb7 20. d6 exd6 21. Nxd6
Rad8 22. Rcd1 Rd7 23. Rd2 Bc8 24. Nb5 Qb8 25. Rxd7 Bxd7 26. Nd6 b5 27. Bxf7+
Kh8 28. Qd5 c4 29. Qc5 Rd8 30. Rd1 Bf8 31. e6 Bc6 32. e7 1-0

[Event "MCR mladeze 2014, H16"]
[Site "Kouty nad Desnou"]
[Date "2014.03.11"]
[Round "5"]
[White "Filip, Vojtech"]
[Black "Miculka, David"]
[Result "1/2-1/2"]
[WhiteElo "1883"]
[BlackElo "1931"]
[PlyCount "48"]
[EventDate "2014.??.??"]

1. d4 f5 2. Nf3 Nf6 3. c4 e6 4. Nc3 d5 5. Bf4 Bd6 6. Bxd6 Qxd6 7. e3 c6 8. Ne5
Nbd7 9. f4 O-O 10. c5 Qe7 11. Be2 Ne4 12. O-O Nxe5 13. fxe5 Bd7 14. Nxe4 fxe4
15. Qd2 Qg5 16. Rxf8+ Rxf8 17. Rf1 Be8 18. Rxf8+ Kxf8 19. b4 Bh5 20. Bxh5 Qxh5
21. a4 Ke7 22. b5 Qg5 23. bxc6 bxc6 24. Kf2 Qh4+ 1/2-1/2

[Event "MCR mladeze 2014, H16"]
[Site "Kouty nad Desnou"]
[Date "2014.03.11"]
[Round "5"]
[White "Horak, Ales"]
[Black "Stepan, Patrik"]
[Result "1/2-1/2"]
[WhiteElo "1957"]
[BlackElo "1758"]
[PlyCount "59"]
[EventDate "2014.??.??"]

1. e4 c5 2. Nf3 e6 3. c3 d5 4. exd5 Qxd5 5. Na3 Nf6 6. Be2 Be7 7. d4 O-O 8. Nb5
Na6 9. O-O Bd7 10. c4 Qc6 11. Ne5 Qc8 12. Bf4 Bxb5 13. cxb5 Nc7 14. Rc1 Rd8 15.
Nf3 Ncd5 16. Bg5 a6 17. Qb3 axb5 18. dxc5 b4 19. Ne5 Qc7 20. Nd3 Qa5 21. a3
bxa3 22. Ra1 Bxc5 23. Nxc5 Qxc5 24. Bxf6 Nxf6 25. Rxa3 Rxa3 26. bxa3 b6 27. Rb1
Rd6 28. Bf3 h6 29. Qb2 e5 30. Rc1 1/2-1/2

[Event "MCR mladeze 2014, H16"]
[Site "Kouty nad Desnou"]
[Date "2014.03.11"]
[Round "5"]
[White "Krutsky, Martin"]
[Black "Horak, Martin"]
[Result "0-1"]
[WhiteElo "1800"]
[BlackElo "1852"]
[PlyCount "104"]
[EventDate "2014.??.??"]

1. e4 c5 2. Nf3 d6 3. d4 cxd4 4. Nxd4 Nf6 5. Nc3 g6 6. Be3 Bg7 7. Be2 O-O 8. f4
Nc6 9. Nb3 Be6 10. g4 Rc8 11. f5 Bd7 12. Qd2 b5 13. g5 b4 14. gxf6 bxc3 15.
bxc3 Bxf6 16. Bd4 Nxd4 17. cxd4 Bh4+ 18. Kd1 Qc7 19. c4 Bc6 20. Rg1 Bf6 21. Qe3
a5 22. h4 a4 23. Nd2 Qb6 24. Nf3 Qb2 25. Rc1 Qxa2 26. Ke1 Qb3 27. Bd3 Bb5 28.
Qe2 a3 29. h5 Qb2 30. Rc2 Qb4+ 31. Kf2 Bc6 32. Qe3 Qb6 33. hxg6 fxg6 34. Ke2
Kf7 35. c5 Qb7 36. Bc4+ Ke8 37. d5 Bb5 38. c6 Bxc4+ 39. Rxc4 Qa6 40. Qd3 a2 41.
e5 a1=Q 42. Rxa1 Qxa1 43. exf6 Rxf6 44. fxg6 Rxg6 45. Qb3 Rg2+ 46. Ke3 Qb2 47.
Qd3 Qf2+ 48. Kf4 Qg3+ 49. Ke3 Qg6 50. Re4 Qh6+ 51. Kd4 Qc1 52. Nd2 Qc5# 0-1

[Event "MCR mladeze 2014, H16"]
[Site "Kouty nad Desnou"]
[Date "2014.03.11"]
[Round "5"]
[White "Bares, Jachym"]
[Black "Skorepa, Jakub"]
[Result "1/2-1/2"]
[WhiteElo "1736"]
[BlackElo "1797"]
[PlyCount "51"]
[EventDate "2014.??.??"]

1. e4 c6 2. d4 d5 3. Nc3 dxe4 4. Nxe4 Bf5 5. Nc5 Qc7 6. Bd3 Bxd3 7. Nxd3 e6 8.
Bf4 Bd6 9. Bxd6 Qxd6 10. Qg4 g6 11. Nf3 Nf6 12. Qg5 Nbd7 13. c3 O-O-O 14. Qa5
Kb8 15. O-O h6 16. b4 Ne4 17. Rfc1 Qd5 18. Qa3 Nd6 19. Rab1 g5 20. Nd2 Nb6 21.
Rc2 h5 22. Qb3 Qxb3 23. axb3 Nf5 24. Ne5 Rh7 25. Ne4 Rg7 26. Rd1 1/2-1/2

[Event "MCR mladeze 2014, H16"]
[Site "Kouty nad Desnou"]
[Date "2014.03.11"]
[Round "5"]
[White "Krcil, Ales"]
[Black "Zeman, Radek"]
[Result "1/2-1/2"]
[WhiteElo "1698"]
[BlackElo "1902"]
[PlyCount "55"]
[EventDate "2014.??.??"]

1. e4 Nc6 2. d4 d5 3. exd5 Qxd5 4. Nf3 Bg4 5. Be2 O-O-O 6. c3 e5 7. dxe5 Qxd1+
8. Bxd1 Nxe5 9. O-O Nxf3+ 10. Bxf3 Bxf3 11. gxf3 Bd6 12. Be3 Ne7 13. Nd2 f5 14.
Nc4 Nd5 15. Nxd6+ Rxd6 16. Bc5 Re6 17. Rfe1 Rhe8 18. Rxe6 Rxe6 19. Rd1 Nf4 20.
Kf1 Ra6 21. a3 Ne6 22. Be3 f4 23. Bc1 Ra5 24. Re1 Kd7 25. Re4 g5 26. Ke2 Kd6
27. b4 Re5 28. Kd3 1/2-1/2

[Event "MCR mladeze 2014, H16"]
[Site "Kouty nad Desnou"]
[Date "2014.03.11"]
[Round "5"]
[White "Krajicek, Filip"]
[Black "Reznicek, Dominik"]
[Result "0-1"]
[WhiteElo "1671"]
[BlackElo "1799"]
[PlyCount "108"]
[EventDate "2014.??.??"]

1. d4 c6 2. Nf3 d5 3. e3 Nf6 4. Bd3 Bg4 5. Nbd2 e6 6. c3 Nbd7 7. e4 dxe4 8.
Nxe4 Nxe4 9. Bxe4 Nf6 10. Bg5 h6 11. Bxf6 gxf6 12. h3 Bxf3 13. Bxf3 Bd6 14. Qc2
Qa5 15. Qd2 O-O-O 16. O-O h5 17. Qd3 Qg5 18. Qe3 Bf4 19. Qe4 f5 20. Qe2 h4 21.
b4 Bc7 22. Qe3 Qe7 23. Rfe1 Rhg8 24. a4 Qd6 25. Qe5 Qxe5 26. dxe5 Rd3 27. Bh5
Rg7 28. Rac1 Rd5 29. f4 Rd2 30. Bf3 Bb6+ 31. Kh1 Bf2 32. Re2 Rxe2 33. Bxe2 Be3
34. Rf1 Bd2 35. Rf3 Rg3 36. Rxg3 hxg3 37. Bh5 Bxc3 38. b5 cxb5 39. axb5 Bd4 40.
Bxf7 Kd7 41. Bh5 a5 42. bxa6 bxa6 43. Be2 a5 44. Bb5+ Ke7 45. Ba4 Be3 46. Bb5
Bxf4 47. Kg1 Bxe5 48. Kf1 Bf4 49. Ke2 e5 50. Ba4 Kf6 51. Kd3 e4+ 52. Kc4 Ke5
53. Bd1 Bd2 54. h4 f4 0-1

[Event "MCR mladeze 2014, H16"]
[Site "Kouty nad Desnou"]
[Date "2014.03.12"]
[Round "6"]
[White "Kratochvil, Vit"]
[Black "Pulpan, Jakub"]
[Result "1/2-1/2"]
[WhiteElo "2051"]
[BlackElo "2146"]
[PlyCount "38"]
[EventDate "2014.??.??"]

1. e4 c5 2. Nf3 Nc6 3. d4 cxd4 4. Nxd4 g6 5. c4 Nf6 6. Nc3 Nxd4 7. Qxd4 d6 8.
Be3 Bg7 9. Be2 O-O 10. Qd2 Be6 11. Rc1 Qa5 12. f3 Rfc8 13. b3 a6 14. Na4 Qxd2+
15. Kxd2 Nd7 16. Rc2 f5 17. Bd3 Rab8 18. Rhc1 Ne5 19. Nb6 Nxd3 1/2-1/2

[Event "MCR mladeze 2014, H16"]
[Site "Kouty nad Desnou"]
[Date "2014.03.12"]
[Round "6"]
[White "Kozusek, Daniel"]
[Black "Petr, Jan"]
[Result "0-1"]
[WhiteElo "2133"]
[BlackElo "2162"]
[PlyCount "72"]
[EventDate "2014.??.??"]

1. d4 Nf6 2. c4 e6 3. Nc3 Bb4 4. Qc2 c5 5. dxc5 O-O 6. Nf3 Na6 7. e3 Nxc5 8.
Bd2 b6 9. Be2 Bb7 10. O-O Bxc3 11. Bxc3 Nce4 12. Bb4 Re8 13. Nd4 d5 14. Rfd1
Rc8 15. Rac1 a6 16. Qb1 Nxf2 17. Kxf2 Ne4+ 18. Kf1 Qh4 19. Be1 Qxh2 20. Bf3 e5
21. Nf5 g6 22. Bxe4 dxe4 23. Bg3 Qh5 24. Nd6 Re6 25. Nxc8 Qh1+ 26. Kf2 Rf6+ 27.
Bf4 Qh4+ 28. Kg1 exf4 29. Ne7+ Kf8 30. Nd5 Bxd5 31. cxd5 f3 32. Rc8+ Kg7 33.
Rf1 f2+ 34. Rxf2 Qxf2+ 35. Kh2 Rf5 36. Rg8+ Kxg8 0-1

[Event "MCR mladeze 2014, H16"]
[Site "Kouty nad Desnou"]
[Date "2014.03.12"]
[Round "6"]
[White "Dvorak, Adam"]
[Black "Havelka, Josef"]
[Result "1-0"]
[WhiteElo "2119"]
[BlackElo "1988"]
[PlyCount "83"]
[EventDate "2014.??.??"]

1. d4 Nf6 2. c4 g6 3. Nc3 Bg7 4. e4 d6 5. f3 O-O 6. Be3 Nc6 7. Nge2 a6 8. Qd2
Na5 9. Nc1 e5 10. d5 c5 11. g4 Bd7 12. h4 Rb8 13. a4 b5 14. axb5 axb5 15. cxb5
Ra8 16. Ra3 c4 17. Qf2 Nb3 18. Rxa8 Qxa8 19. Bxc4 Nxc1 20. Bxc1 Rc8 21. Qe2 Qa7
22. Be3 Qa1+ 23. Nd1 Nxe4 24. fxe4 Bxg4 25. Qxg4 Rxc4 26. O-O f5 27. Qe2 Qa4
28. Nc3 Rxc3 29. bxc3 Qxe4 30. b6 Qxh4 31. Rf2 Bh6 32. b7 Qg3+ 33. Kf1 Bxe3 34.
b8=Q+ Kg7 35. Qc7+ Kg8 36. Qd8+ Kg7 37. Qf3 Bxf2 38. Qxg3 Bxg3 39. Qxd6 h5 40.
Qe7+ Kh6 41. d6 Bh4 42. Qxh4 1-0

[Event "MCR mladeze 2014, H16"]
[Site "Kouty nad Desnou"]
[Date "2014.03.12"]
[Round "6"]
[White "Rydl, Jiri"]
[Black "Stuchly, Ondrej"]
[Result "1-0"]
[WhiteElo "2181"]
[BlackElo "1791"]
[PlyCount "119"]
[EventDate "2014.??.??"]

1. e4 e6 2. d3 d5 3. Qe2 Nf6 4. Nf3 Be7 5. g3 c5 6. Bg2 Nc6 7. O-O O-O 8. e5
Nd7 9. c4 Qc7 10. Re1 dxc4 11. dxc4 b6 12. Nc3 a6 13. Nd5 exd5 14. cxd5 Ndxe5
15. dxc6 Nxc6 16. Bf4 Bd6 17. Bxd6 Qxd6 18. Rad1 Qc7 19. Ne5 Bb7 20. Rd7 Qxe5
21. Qxe5 Nxe5 22. Rxb7 Rae8 23. Re3 b5 24. Bd5 Kh8 25. Ra7 f6 26. f4 Ng6 27.
Rxe8 Rxe8 28. Rxa6 Rd8 29. Ra8 Rxa8 30. Bxa8 Kg8 31. Bc6 b4 32. Kf2 Kf7 33. Ke3
Ke6 34. Kd3 Kd6 35. Be4 Nf8 36. Kc4 h6 37. Bf5 g6 38. Be4 f5 39. Bd5 Nd7 40.
Bf7 g5 41. a4 bxa3 42. bxa3 Nb6+ 43. Kb5 Nd5 44. Bg6 gxf4 45. gxf4 Nxf4 46.
Bxf5 Nd5 47. Bd3 Nc7+ 48. Kc4 Nd5 49. Be2 Nb6+ 50. Kb5 Nd5 51. Bf3 Nc7+ 52. Kc4
Na6 53. a4 Nc7 54. a5 Na6 55. Bh1 Nc7 56. Bb7 Kd7 57. Kxc5 Kd8 58. Kc6 Ne6 59.
a6 Nd4+ 60. Kb6 1-0